Organická chemie pro mediky

Bibliographic Details
Main Author: Slavík, Jiří (Author)
Format: Book
Language:Czech
PhysicalDescription:363 s. sch. 29 cm
Published: Bratislava Univerzita Komenského, Lekárska fakulta 1972
Edition:3. vyd.
Series:Vysokoškolské skriptá
Subjects:

MARC

LEADER 00000cam a2200000 a 4500
001 vtls001277107
003 SK-MaSNL
005 20260301195458.0
008 240313s1972 xo a f p 00000 cze
015 |a SNBA1972 
035 |a SNK000228369 
040 |a SNK  |b slo  |c SNK  |e AACR2 
041 0 |a cze 
044 |a xo  |c SK 
072 7 |a 547  |x Organická chémia  |2 konspekt 
080 |a 547  |2 2011 
080 |a (075.8)  |2 2011 
100 1 |a Slavík, Jiří  |4 aut  |9 7061 
245 1 0 |a Organická chemie pro mediky  |c Jiří Slavík 
250 |a 3. vyd. 
260 |a Bratislava  |b Univerzita Komenského, Lekárska fakulta  |c 1972 
300 |a 363 s.  |b sch.  |c 29 cm 
366 |e 1000 výt. 
490 |a Vysokoškolské skriptá 
504 |a Bibliogr.: s. [356] 
650 0 7 |a organická chémia  |2 SNKPH  |9 851 
650 0 7 |a Organic chemistry  |2 SNKPHeng  |9 265251 
655 7 |a učebnice vysokých škôl  |2 SNKPH  |9 70191 
655 7 |a Textbooks (higher)  |2 SNKPHeng  |9 276436 
810 2 |a Univerzita Komenského v Bratislave.  |b Lekárska fakulta  |t Vysokoškolské skriptá  |9 277420 
852 |a Štátna vedecká knižnica v Banskej Bystrici 
958 |a OND 
999 |c 885921  |d 887851 
952 |t P60, <04>, [BOOK], {604}  |a SNK  |b SNK  |y VYP  |7 0  |p 17A0039687  |o snkSB 18178 D1  |i snkKSP 2778/72  |8 0  |0 0  |1 0  |4 0  |d 1997-02-22  |l 0  |r 2005-01-02 00:00:00  |w 2026-02-24 
952 |a SNK  |b SNK  |y PREZ  |7 0  |p 17A0890036  |o snkSB 18178  |i snkKSP 2777/72  |0 0  |1 0  |4 0  |d 2012-07-24  |l 0  |r 2025-03-20 00:00:00  |w 2026-02-24 
952 |a SNK  |b SNK  |y VYP  |7 0  |o snkSB 18178 D2  |i snkD 2915/76  |8 1  |0 0  |1 0  |4 0  |d 2015-04-08  |l 0  |r 2026-02-24 06:30:00  |w 2026-02-24